000 00886nam a2200217Ia 4500
001 Para_9808
008 220602s9999 xx 000 0 und d
020 _a0-8014-4342-3
082 _aPA 333.95 E26
245 _aEcological engineering for pest management : Advances in habitat manipulation for arthropods / editores, Geoff M. Gurr, Steve D. Wratten, Miguel A. Altieri
260 _aAustralia : Comstock Publishing Associates
300 _axi,232 p.
500 _aIncluye referencias bibliográficas e índice
650 _aControl de Plagas \ Manejo integrado de plagas \ Ingeniería ecológica \ Ingeniería Ambiental
_9185050
700 _aGurr, Geoff M., ed. \ Wratten, Steve D., ed. \ Altieri, Miguel A., ed.Ì
_9185051
901 _aPA 333.95 E26
902 _aM
905 _a5232202004 an 8000000300 06
942 _c1
999 _c217228
_d217228